Регионална библиотека "Любен Каравелов" - Русе

Страните в света 2007 - 2008 (Запис номер 75874)

MARC детайли
000 -Лидер
Контролно поле с фиксирана дължина 01991nam a2200409 c 4500
003 - Код на организацията, давaща контролен номер
Контролно поле BLK
005 - Дата и час на последна редакция
Контролно поле 20220608031504.0
008 - Елементи от данни с фиксирана дължина
fixed length control field 180408b bul|||||r ||||||| ||bul||
010 ## - Наследен системен номер
LC control number KNG00080296000
040 ## - Източник на каталожния запис
Идентификатор на билиотеката - собственик на записа BLK
041 ## - Код за език
Код за езика на текст/звукозапис или на отделно заглавие Български
Код за езика КДБФ Български
080 ## - УДК
Текстов определител УДК Регионална география
УДК код - определител по УДК 913
УДК определител (035)
УДК - код + определител 913(035)
080 ## - УДК
Текстов определител УДК Социография. Социално положение. Условия на политическия и социалния живот. Социално и социално-икономическо положение на отделните страни, народи, раси. Социална география. (Общи въпроси)
УДК код - определител по УДК 308
УДК определител (100)(035)
УДК - код + определител 308(100)(035)
100 1# - Редна дума - Автор
Автор Луканов, Ангел Георгиев
Авторска отговорност първи автор
R(LIN) 261051
139 ## - Редно поле
Редна дума Луканов, Ангел Георгиев и др.
Авторски знак Лук - Л 86
245 10 - Сведения за заглавието
Заглавие Страните в света 2007 - 2008
Подзаглавни данни Справочник
Редно поле (дума) Ангел Георгиев Луканов; съавт. Николай Александров Божинов; съавт. Стефан Михайлов Димитров.
250 ## - Област на изданието
Сведения за изданието 7. прераб. и доп. изд.
257 ## - Страна на издаване
Страна на създаване/издаване България
260 ## - Област на издателските данни
-- София
Име на издателя, разпространителя и проч. Глория Палас
Година на издаване 2008
Печатница София : Образование и наука
300 ## - Физическа характеристика
Страници 528 с.
Размери/Мащаб 24 см
380 ## - Жанр
Жанр География
500 ## - Общи забележки
Забележка Офс. изд. - Азб. указател.
590 ## - Забележки на библиотеката, притежаваща документа (RLIN)
Служебно ф
650 #4 - Допълнително описание по предмет – тема
Основно описание – тема или топоним Свят - география
9 (RLIN) 242274
650 #4 - Допълнително описание по предмет – тема
Основно описание – тема или топоним Странознание
9 (RLIN) 172507
651 #4 - Допълнително описание по предмет - топоним
Географско понятие Свят
9 (RLIN) 179507
653 ## - Ключова дума – ненормативна
Ключова дума странознание
653 ## - Ключова дума – ненормативна
Ключова дума държави
653 ## - Ключова дума – ненормативна
Ключова дума справочници
700 1# - Други автори (авторска отговорност)
Лично име Божинов, Николай Александров
Автороска отговорност (Описва отношението между автора и произведението) съавт.
9 (RLIN) 371806
700 1# - Други автори (авторска отговорност)
Лично име Димитров, Стефан Михайлов
Автороска отговорност (Описва отношението между автора и произведението) съавт.
9 (RLIN) 261053
852 ## - Местоположение
Форматна сигнатура Цб 237574
856 4# - Електронен адрес и достъп
Електронен формат pdf - файл
Път до файла /url/
856 4# - Електронен адрес и достъп
Електронен формат pdf - файл
Път до файла /url/
942 ## - АРТИКУЛИ
Вид на библиотечния материал Книги
Скрит в OPAC Не
Koha issues (borrowed), all copies 3
944 ## - СЪЗДАВАНЕ И РЕДАКЦИЯ на ЗАПИСА
Създаване/Редакция Създаване
Дата на регистрацията/редакция 08.01.2008
Статус, дата на статуса ф /
Служител, извършил регистрацията/редакцията Людмила_Стоянова
944 ## - СЪЗДАВАНЕ И РЕДАКЦИЯ на ЗАПИСА
Създаване/Редакция Редакция
Дата на регистрацията/редакция 20.10.2008
Статус, дата на статуса ф /
Служител, извършил регистрацията/редакцията
999 ## - СИСТЕМНИ КОНТРОЛНИ НОМЕРА
Koha biblionumber 75874
Koha biblioitemnumber 75874
Наличности
Код за отписване Код за изгубен артикул Източник на класификационната схема Код за повреда Коз за рестрикции Код за отдаване Артикулен № Име на библиотеката - собственик Име на библиотеката, в която се намира в момента Статус (Текущо местоположение) Дата на вписване в системата Местоположение - отдел Цена в лева Инвентарен номер Систематично азбучна сигнатура Баркод Номер на екземпляра Цена в евро Служебна бележка Служебен тип на артикула
Изтеглен Не е изгубен Universal Decimal Classification Не е повреден без рестрикции заемане за дома 123431 Регионална библиотека "Любен Каравелов" Русе Регионална библиотека "Любен Каравелов" Русе Заемна - подръчен фонд 2007-12-28 Заемна - подръчен фонд 22.00 120000721926 914//Л 86 А 120000721926 1 11.25 Дост: Pk Вид: Ф N: 13346 Дата: 17.12.2007 Дата инв: 16.02.2018 Бележки инв: СП2018 Книги
Изтеглен Не е изгубен Universal Decimal Classification Не е повреден без рестрикции ползва се в читалня 123432 Регионална библиотека "Любен Каравелов" Русе Регионална библиотека "Любен Каравелов" Русе Читалня - справочен фонд 2007-12-28 Читалня 22.00 120000721927 СЧ 91/Л 86 120000721927 2 11.25 Дост: Pk Вид: Ф N: 13346 Дата: 17.12.2007 Дата инв: 30.03.2017 Бележки инв: СЧ2017 Книги
  Не е изгубен   Не е повреден без рестрикции ползва се в читалня 123433 Регионална библиотека "Любен Каравелов" Русе Регионална библиотека "Любен Каравелов" Русе Хранилище 2008-09-10 Хранилище 22.00 120000729007 Цб 237574 120000729007 3 11.25 Дост: Dp Вид: Д N: 25 Дата: 04.06.2008 Книги
Изтеглен Не е изгубен Universal Decimal Classification Не е повреден без рестрикции заемане за дома 123434 Регионална библиотека "Любен Каравелов" Русе Регионална библиотека "Любен Каравелов" Русе Заемна - подръчен фонд 2008-09-24 Заемна - подръчен фонд 22.00 120000729265 П 914/919/Л 86 120000729265 4 11.25 Дост: Pk Вид: Ф N: 8927 Дата: 24.09.2008 Дата инв: 07.02.2018 Бележки инв: П2018 Книги
Изтеглен Не е изгубен   Не е повреден без рестрикции заемане за дома 123435 Регионална библиотека "Любен Каравелов" Русе Регионална библиотека "Любен Каравелов" Русе Заемна - подръчен фонд 2008-09-24 Заемна - подръчен фонд 22.00 120000729266 П 914/919/Л 86 120000729266 5 11.25 Дост: Pk Вид: Ф N: 8927 Дата: 24.09.2008 Дата инв: 07.02.2018 Бележки инв: П2018 Книги
Vip Innovations Ltd, Rousse, Bulgaria 2025